000
00280nam a2200109Ia 4500
008
231221s9999 xx 000 0 und d
041
_a
English
245
0
_a
Access 2002 guide book for office XP
260
_b
Galgotia
_a
New Delhi
650
_a
Access,2002,office,XP
942
_c
CD
999
_c
215257
_d
215257